| 000 | 00390cam a2200133 4500 | ||
|---|---|---|---|
| 001 | ##L132234 | ||
| 008 | 060120n2005 000 0 eng u | ||
| 020 | _a1904230962 | ||
| 035 | _a(Sirsi) u132234 | ||
| 110 | _aCandian Accounting Standards Board | ||
| 245 | 0 | 0 |
_aMeasurement bases for financial accounting _bmeasurement on initial recognition |
| 260 |
_aLondon _bIASB _c2005 |
||
| 942 | _n0 | ||
| 999 |
_c105067 _d105067 |
||